MDQL
is popping MORE tags! Check the
thread
!
Quizzes
Events
Quiz Creation
Community
Videos
Private Events
Remove Ads
Sign In
Join for FREE
Feedback
Dark Mode
Quiz Categories
Sports
Geography
Music
Movies
Television
Just For Fun
Miscellaneous
History
Literature
Language
Science
Gaming
Entertainment
Religion
Holiday
For Kids
Quiz Lab
Recent
Popular Today
Quiz Kudos Today
Editor Picks
Curator Picks
Quizzes by...
Day
Popularity
Type
Ratings
Length
Year
Community
Subscriptions
Recent Discussions
Orange Saloon
Badges
Playlists
Quests
Create
Leaderboards
Showdown
Live 5
Trivia Bingo
Activity
Puzzle Library
Sporcle Events
Private Events
Virtual Trivia
Globe League
Become a Host
Pub Owners
SporcleCon
Opinionation
Our Games
Videos
Blog
Mobile Apps
Partnerships
Remove Ads and Go Orange
Feedback
Television
TV Characters
TV Show
Sitcom
Network
Friends
Reality Shows
Cast
South Park
Star Trek
The Simpsons
Doctor Who
Television
TV Characters
TV Show
Sitcom
Network
Friends
Reality Shows
Cast
South Park
Star Trek
The Simpsons
Doctor Who
Random Quiz
Search Sporcle
×
Quiz Lab
Quiz Lab
Television
Pretty Little Liars
Click on answers out of a set of options
Click on answers out of a set of options
Multiple Choice
Best Score? Go Orange.
Who Said It?: Pretty Little Liars-Season 2 Stats
Can you choose Who Said It?: Pretty Little Liars-Season 2?
By
bbgirl7785
6m
25 Questions
1,458 Plays
1,458 Plays
1,458 Plays
Comments
Comments
Give Quiz Kudos
Give Quiz Kudos
-
- Ratings
hide this ad
Random Order
Randomize order of answers
Randomize order of answers
Replay
Link that replays current quiz
Next Quiz
Link to next quiz in quiz playlist
You Got
0%
They Got
Avg Score
61%
Avg Friend Score
Upgrade to see
Score Distribution
Jump to the score distribution portion of the page
Score
0/25
Timer
06:00
0
Plays Today
Question
Answer
Wrong Answers
Jenna can't hear us; she's blind...You know what I mean.
Hanna
90.9%
Toby
1.6%
Spencer
4%
Emily
2%
So what? I can't dance on his grave? Can I at least throw confetti?
Hanna
88.4%
Aria
2.9%
Emily
2%
Spencer
5.6%
I can't go around without a phone. That's like going around without a brain or shoes.
Hanna
84.2%
Emily
1.4%
Aria
1%
Spencer
1.4%
Two can only keep a secret if one of them is dead.
Alison
83.3%
Mona
6.5%
Jenna
3.7%
Melissa
1.4%
If your relationship is so much trouble, why not just let it go?
Mike
79.8%
Toby
4%
Ezra
4.4%
Caleb
3.7%
I may have broken my left arm, but my right arm is fine.
Toby
76.7%
Noel
4.4%
Spencer
6.2%
Caleb
5.2%
That's a very pretty dress. But you should know, it gives you back fat.
Caleb
75.5%
Mona
11.9%
Melissa
2%
Hanna
5.3%
Really? Then how do I know that you had a cheeseburger for lunch?
Caleb
73.7%
Hanna
8.5%
Lucas
5.6%
Spencer
4.9%
Here I was hoping you'd be at the potter's wheel, so I could wrap my arms around you and hum 'Unchained Melody.'
Ezra
72.6%
Toby
10.6%
Caleb
9.4%
Jason
4%
Pretending not to love you was the hardest thing I've ever done.
Toby
69.1%
Spencer
8.6%
Caleb
10.3%
Emily
2.4%
These are not highlights, Hanna. This is glass in my hair.
Emily
67.4%
Aria
8.9%
Spencer
11.6%
Mona
5.4%
No girlfriends allowed in the bedroom. Just girl... friends.
Ashley
66.5%
Pam
25.9%
Wayne
2.1%
Veronica
2.2%
If lying was a crime, we'd all be in jail.
Emily
63.3%
Spencer
13.6%
Aria
8.6%
Hanna
13.8%
Honey, you can't be a shark if you're toothless.
Mona
63.3%
Spencer
4.7%
Melissa
14.7%
Jenna
9.2%
You're like smart-smart. I always thought you were just book-smart.
Mona
63.1%
Aria
5.8%
Hanna
20.2%
Ezra
4%
Most of my life, I have felt alone, even when I was with people... that was until I met you.
Caleb
61.6%
Toby
21.4%
Emily
5.9%
Spencer
10%
I don't know about you guys, but A talking about body bags makes me very nervous.
Aria
58.4%
Spencer
3.4%
Hanna
13.9%
Emily
13%
Can we get out of here? My goosebumps are getting goosebumps.
Emily
54%
Aria
11.6%
Hanna
27.6%
Spencer
2.4%
Second guessing her every move is starting to feel a little extreme.
Ella
54%
Byron
11.5%
Spencer
14.9%
Toby
6.7%
If only we could harness Mona's sense of entitlement. We could light the eastern seaboard.
Spencer
51.6%
Caleb
13.7%
Aria
13.1%
Lucas
12.2%
Angry doesn't begin to describe how I feel about you right now.
Ezra
38.7%
Aria
31.6%
Caleb
10.2%
Spencer
13%
I think that Ali is holding all of our brains hostage and we won't be able to sleep until we find out what really happened to her.
Emily
33.1%
Aria
10.6%
Hanna
15.1%
Spencer
29.4%
You know they say the punishment's supposed to fit the crime, but this community service gig is like the ninth circle of hell.
Mona
27%
Hanna
29%
Caleb
8.4%
Spencer
22.8%
Guys, I don't trust Melissa as far as I can throw her and Ian's fetus.
Emily
26.5%
Aria
11.4%
Hanna
28%
Spencer
24%
Frankly, I'd like to take that cane and whack her like a pinata.
Mona
24.9%
Spencer
16.1%
Emily
13.4%
Hanna
35.7%
Quiz Playlist
Details
Report
Send in Message
Add To Playlist
Multiple Choice:
Click on answers out of a set of options
Random Order:
Randomize order of answers
Last Updated: Jun 18, 2017
Quiz Scoreboard
CHALLENGE
Sign Up to Join the Scoreboard
Show All
Scores
Hide
Comments
May contain spoilers
Recently Published
Holiday 10x10 Sorting Gallery
by lukepisani3
Holiday
15m
Two Season TV Shows II
by 123Four
Television
10m
Image Sorting: Flags VI
by Barbecue
Geography
2m
More to Explore
Quiz From the Vault
Featured Blog Post
14 Easter Pick-up Lines to Find Eggs With
hide this ad
You Might Also Like...
Tags
Multiple Choice
Pretty Little Liars
Today's Top Quizzes in Television
Browse Television
hide this ad
Today's Top Quizzes in Pretty Little Liars
Browse Pretty Little Liars
Top Contributed Quizzes in Television
1
Survivor Journey Challenge
2
Even More Two Season TV Shows
3
Adjectives in 00s TV Shows
4
Even More Three Season TV Shows
5
Survivor Logic Puzzle: Heroes vs. Villains
6
Adjectives in 10s TV Shows
7
One Season TV Shows
8
One Piece Logic Puzzle
9
Brooklyn Nine Nine Logic Puzzle (How-To-Play)
10
Click the SpongeBob Episodes (Season 3)
Explore More
Trending Topics
NBA
Crossword
Marvel
Harry Potter
Kpop
Disney
Anime
Soccer
Puzzle
Country
The Office
WWE
NFL
Song
Pokémon
hide this ad
More By:
bbgirl7785
Quiz
Plays
Rating
Category
Featured
Created
Who Said It?: Pretty Little Liars-Season 1
2,868
5.00
Television
Apr 25, 2017
Follow That Line: Pretty Little Liars Season 1
2,840
4.67
Television
Apr 25, 2017
Follow That Line: Pretty Little Liars Season 2
2,294
4.40
Television
Apr 26, 2017
Follow That Line: Pretty Little Liars Season 5
2,218
4.75
Television
May 15, 2017
Follow That Line: Pretty Little Liars Season 4
2,062
4.80
Television
Apr 26, 2017
Go to Creator's Profile
Score Distribution
Quiz Creator Spotlight
bbgirl7785
Follow
Send a Message
Quizzes Created
-
Created Quiz Play Count
-
More By This Creator
Popular Quizzes Today
1
Find the US States - No Outlines Minefield
2
Colored Red Africa Blitz
3
Find the 'City' Movie
4
The Countries of the World
5
5x2 Blitz: Bands
6
Find the US States
7
Find the Countries of Europe - No Outlines Minefield
8
US States
More Television Quizzes
TV Shows Cut Off at 'U'
Quiz Lab
Trending Quizzes
Colored Red Europe Blitz I
Colored Red Europe Blitz II
Colored Red Africa Blitz II
Colored Red Europe Blitz III
Colored Red Africa Blitz III
Recently Updated
Odd Team Out - Big 4 Players
pecheneg
Quick Pick: 20 Twenties
pecheneg
March Madness Men's Triple Doubles
pecheneg
How Do You Spell That?
pecheneg
Godzilla Movies
pecheneg
Grab Bag: 4-10 Letters
pecheneg
2024 March Madness Bracket
pecheneg
Famous TV Couples
Peacemaker
Champions League XIs: Real Madrid
pecheneg
Largest US Cities 1790-2010
pecheneg
Trending Topics
Crossword
Harry Potter
Kpop
Disney
NBA
Marvel
Anime
WWE
NFL
Soccer
Country
Song
Puzzle
Pokémon
The Office
Your Account Isn't Verified!
In order to create a playlist on Sporcle, you need to verify the email address you used during registration. Go to your
Sporcle Settings
to finish the process.
Report this User
Report this user for behavior that violates our
Community Guidelines
.
Details:
Send Report
Go to the Sporcle.com Mobile Site →
Comments